[Event "Eq:La Taverne-Los Tercios : "]
[Site "www.chess-mail.com"]
[Date "2016.03.16"]
[Round "1"]
[White "Shihchuliao"]
[Black "Coraza8091"]
[WhiteElo "2070"]
[BlackElo "1730"]
[Result "1-0"]
[Round "1"]
1.e4 e5
2.Ng1f3 Nb8c6
3.d4 Ng8f6
4.d5 Nc6e7
5.Nf3xe5 Nf6xe4
6.Ne5xf7 Kxf7
7.Qd1f3 Ne4f6
8.Bf1c4 d6
9.Bc1g5 Qd8e8
10.O-O Bc8g4
11.Qf3b3 b6
12.Nb1d2 h6
13.Bg5xf6 gxf6
14.h3 Bg4f5
15.Bc4d3 Qe8c8
16.Kh1 Bf5xh3
17.Bd3e4 Bh3g4
18.Qb3g3 Rh8g8
19.f3 Bg4d7
20.Qg3h4 Bd7b5
21.Qh4h5 Ne7g6
22.Rf1e1 Bb5e8
23.Be4f5 Be8d7
24.Bf5e6 Bd7xe6
25.dxe6 Ke7
26.f4 Qc8b7
27.f5 Ng6f4
28.Qh5f7 Kd8
29.Qf7d7 { resign }
1-0

[Event "Tourn. n8653"]
[Site "www.chess-mail.com"]
[Date "2016.03.17"]
[Round "1"]
[White "Starwind"]
[Black "Yangqi"]
[WhiteElo "2470"]
[BlackElo "2650"]
[Result "1/2-1/2"]
[Round "1"]
1.e4 e5
2.Ng1f3 Nb8c6
3.d4 exd4
4.Nf3xd4 g6
5.Bf1c4 Bf8g7
6.Nd4xc6 bxc6
7.O-O Ng8e7
8.Nb1c3 O-O
9.Bc1e3 d6
10.Be3d4 Bg7xd4
11.Qd1xd4 Bc8e6
12.Bc4xe6 fxe6
{ draw }
1/2-1/2

[Event "Tourn. n8673"]
[Site "www.chess-mail.com"]
[Date "2016.03.17"]
[Round "1"]
[White "Bojan"]
[Black "Falcoale"]
[WhiteElo "2070"]
[BlackElo "1820"]
[Result "1-0"]
[Round "1"]
1.e4 c5
2.Ng1f3 Nb8c6
3.Bf1c4 e6
4.d4 cxd4
5.Nf3xd4 a6
6.Bc1e3 Ng8f6
7.Qd1f3 b5
8.Nd4xc6 dxc6
9.Bc4d3 Bc8b7
10.Nb1d2 Bf8e7
11.O-O O-O
12.e5 Nf6d5
13.Qf3h3 Nd5xe3
14.Qh3xh7 { resign }
1-0

[Event "Tourn. n8621"]
[Site "www.chess-mail.com"]
[Date "2016.03.17"]
[Round "1"]
[White "Goofy"]
[Black "Raven16"]
[WhiteElo "2330"]
[BlackElo "2200"]
[Result "1-0"]
[Round "1"]
1.e4 e5
2.Ng1f3 Nb8c6
3.Bf1c4 Ng8f6
4.d3 Bf8e7
5.O-O O-O
6.Bc4b3 d6
7.c3 Bc8g4
8.h3 Bg4h5
9.Bc1e3 d5
10.Nb1d2 d4
11.cxd4 Nc6xd4
12.g4 Nd4xf3
13.Nd2xf3 Bh5g6
14.Nf3xe5 Be7d6
15.Ne5xg6 hxg6
16.f4 Nf6d7
17.Ra1c1 c6
18.e5 Bd6c7
19.Qd1e1 Bc7b6
20.d4 Qd8e7
21.f5 gxf5
22.gxf5 Bb6d8
23.f6 gxf6
24.Qe1g3 Kh8
25.Rf1f5 { resign }
1-0

[Event "Tourn. n8602"]
[Site "www.chess-mail.com"]
[Date "2016.03.17"]
[Round "1"]
[White "Seger"]
[Black "Aperturaf"]
[WhiteElo "2760"]
[BlackElo "2520"]
[Result "1-0"]
[Round "1"]
1.d4 e6
2.e4 d5
3.Nb1d2 c5
4.exd5 exd5
5.Ng1f3 Nb8c6
6.Bf1b5 Bc8d7
7.O-O cxd4
8.Rf1e1 Bf8e7
9.b3 a6
10.Bb5xc6 bxc6
11.Bc1a3 Qd8b6
12.b4 f6
13.Ba3b2 c5
14.a3 Kf8
15.Nd2b3 cxb4
16.Bb2xd4 Qb6c6
17.Bd4b2 Ng8h6
18.Nf3d4 Qc6c4
19.Qd1f3 Ra8e8
20.axb4 Be7xb4
21.Re1xe8 Kxe8
22.h3 Nh6f7
23.Qf3g3 Rh8f8
24.Nb3a5 Bb4xa5
25.Ra1xa5 Qc4b4
26.Bb2c3 Qb4b1
27.Kh2 Nf7e5
28.Nd4b3 Kf7
29.Bc3xe5 fxe5
30.Qg3f3 Kg8
31.Qf3xd5 { resign }
1-0

[Event "Tourn. n8602"]
[Site "www.chess-mail.com"]
[Date "2016.03.17"]
[Round "1"]
[White "Aperturaf"]
[Black "Conde7"]
[WhiteElo "2520"]
[BlackElo "2840"]
[Result "0-1"]
[Round "1"]
1.e4 c5
2.Ng1f3 d6
3.d4 cxd4
4.Qd1xd4 Nb8c6
5.Bf1b5 a6
6.Bb5xc6 bxc6
7.O-O Qd8c7
8.Rf1d1 e5
9.Qd4d3 Ng8f6
10.Bc1g5 Nf6d7
11.Qd3e2 Nd7c5
12.h3 h6
13.Bg5d2 Bf8e7
14.c4 f5
15.Bd2b4 Nc5xe4
16.Nb1d2 a5
17.Bb4a3 Ne4xd2
18.Rd1xd2 c5
19.Nf3h4 O-O
20.Nh4g6 Rf8f6
21.Qe2h5 f4
22.Ra1d1 a4
23.Kh2 Ra8a6
24.Ng6xe7 Qc7xe7
25.Rd1c1 e4
26.Qh5d5 Kh7
27.Rc1e1 Bc8b7
28.Qd5d3 Rf6g6
29.f3 e3
30.Rd2e2 Qe7h4
31.Re1f1 Bb7c8
32.Kh1 Bc8e6
33.Re2c2 Qh4g3
34.Rc2e2 Kg8
35.Re2c2 Rg6g5
{ resign }
0-1

[Event "Tourn. n8508"]
[Site "www.chess-mail.com"]
[Date "2016.03.17"]
[Round "1"]
[White "Kevinking"]
[Black "Osopanda"]
[WhiteElo "1819"]
[BlackElo "1860"]
[Result "1-0"]
[Round "1"]
1.d4 Ng8f6
2.c4 g6
3.Nb1c3 Bf8g7
4.e4 d6
5.Ng1f3 c6
6.h3 O-O
7.Bf1e2 Qd8c7
8.Bc1e3 e5
9.O-O Nb8d7
10.d5 Rf8d8
11.Ra1c1 Nd7f8
12.Qd1c2 a6
13.Rf1d1 Qc7e7
14.Kh2 cxd5
15.cxd5 Bc8d7
16.Nf3d2 h6
17.Nd2f3 Nf6h7
18.Nf3d2 f5
19.f3 f4
20.Be3b6 Rd8c8
21.Qc2b1 g5
22.Rd1h1 h5
23.Kg1 Nf8g6
24.Qb1c2 Nh7f6
25.Qc2d1 Ng6h4
26.Kh2 g4
27.Rh1g1 g3
28.Kh1 Rc8f8
29.a4 Qe7f7
30.a5 Ra8c8
31.Rg1e1 Bd7xh3
32.gxh3 g2
33.Kh2 Qf7g6
34.Bb6f2 Qg6g5
35.Re1g1 Rc8c7
36.Nc3a4 Rf8c8
37.Rc1xc7 Rc8xc7
38.Na4b6 Nf6d7
39.Nb6c4 Bg7f8
40.Bf2xh4 Qg5xh4
41.Rg1xg2 Kh8
42.Qd1g1 Nd7f6
43.Qg1b6 Rc7g7
44.Rg2xg7 Kxg7
45.Qb6g1 Kf7
46.Nc4b6 Nf6h7
47.Be2f1 Nh7g5
48.Bf1g2 Qh4g3
49.Kh1 Ng5xh3
50.Bg2xh3 Qg3xh3
51.Qg1h2 Qh3xh2
52.Kxh2 Kg6
53.Nd2c4 Kf7
54.Nb6c8 Ke8
55.Nc8xd6 Bf8xd6
56.Nc4xd6 { resign }
1-0

[Event "Tourn. n8613"]
[Site "www.chess-mail.com"]
[Date "2016.03.17"]
[Round "1"]
[White "Raven16"]
[Black "Bojan"]
[WhiteElo "2190"]
[BlackElo "2060"]
[Result "1-0"]
[Round "1"]
1.d4 g6
2.e4 Bf8g7
3.c4 e5
4.d5 c6
5.Nb1c3 d6
6.Ng1f3 Nb8a6
7.Bc1g5 f6
8.Bg5e3 Ng8e7
9.a3 Bc8d7
10.Bf1e2 f5
11.O-O f4
12.Be3d2 h6
13.b4 Na6c7
14.c5 dxc5
15.d6 cxb4
16.dxc7 Qd8xc7
17.axb4 g5
18.b5 Ne7g6
19.bxc6 Bd7xc6
20.Nc3b5 Qc7d7
21.Nb5xa7 Bc6xe4
22.Be2b5 Be4c6
23.Na7xc6 Ra8xa1
24.Qd1xa1 bxc6
25.Qa1a8 Ke7
26.Qa8xc6 Qd7xc6
27.Bb5xc6 Rh8c8
28.Bc6e4 Ng6f8
29.Rf1c1 Rc8d8
30.Rc1c7 Nf8d7
31.Be4c6 Kd6
32.Rc7xd7 Rd8xd7
33.Bc6xd7 Kxd7
34.Bd2c3 Ke6
35.h3 Bg7f6
36.Kf1 Kf5
37.Ke2 h5
38.Nf3h2 Ke4
39.f3 Kd5
40.Kd3 Bf6d8
41.Nh2f1 Bd8b6
42.Nf1d2 Bb6e3
43.Nd2c4 Be3a7
44.Nc4xe5 Ba7c5
45.Ne5c4 Bc5a7
46.Bc3f6 g4
47.fxg4 hxg4
48.hxg4 Ke6
49.Bf6e5 Ba7f2
50.Be5xf4 Kf6
51.Ke4 Bf2c5
52.g5 Ke6
53.Nc4e5 Bc5f8
54.g6 Bf8g7
55.Ne5g4 Ke7
56.Kf5 Kf8
57.Bf4h6 { resign }
1-0

[Event "Tourn. n8636"]
[Site "www.chess-mail.com"]
[Date "2016.03.17"]
[Round "1"]
[White "Francesco"]
[Black "Elogic"]
[WhiteElo "2020"]
[BlackElo "1820"]
[Result "1-0"]
[Round "1"]
1.e4 e5
2.Ng1f3 Nb8c6
3.Bf1b5 Ng8e7
4.O-O a6
5.Bb5a4 b5
6.Ba4b3 d5
7.exd5 Ne7xd5
8.Rf1e1 f6
9.d4 Qd8d6
10.dxe5 fxe5
11.Qd1xd5 Qd6f6
12.Bc1g5 Qf6e6
13.Qd5xe6 Bc8xe6
14.Bb3xe6 a5
15.Nf3xe5 Nc6d4
16.Be6d7 { resign }
1-0

[Event "Tourn. n8661"]
[Site "www.chess-mail.com"]
[Date "2016.03.17"]
[Round "1"]
[White "Faerieking"]
[Black "Osopanda"]
[WhiteElo "2130"]
[BlackElo "2060"]
[Result "1/2-1/2"]
[Round "1"]
1.d4 d5
2.c4 e6
3.Ng1f3 Ng8f6
4.g3 c6
5.Bf1g2 Bf8e7
6.Nb1c3 O-O
7.O-O Nb8d7
8.Qd1c2 b6
9.Rf1e1 Bc8b7
10.e4 dxe4
11.Nf3g5 h6
12.Ng5xe4 Nf6xe4
13.Bg2xe4 Nd7f6
14.Bc1e3 Nf6xe4
15.Qc2xe4 Qd8c7
16.Ra1d1 Rf8e8
17.a3 c5
18.d5 exd5
19.cxd5 Be7g5
20.Qe4c4 Bg5xe3
21.fxe3 Ra8d8
22.e4 Qc7e5
23.Qc4a4 a6
24.Qa4c4 { draw }
1/2-1/2

[Event "Tourn. n8478"]
[Site "www.chess-mail.com"]
[Date "2016.03.17"]
[Round "1"]
[White "Seger"]
[Black "Ericleo1980"]
[WhiteElo "2740"]
[BlackElo "2280"]
[Result "1-0"]
[Round "1"]
1.d4 Ng8f6
2.g3 d5
3.Bf1g2 c6
4.Ng1f3 Bc8f5
5.Nf3h4 Bf5g4
6.h3 Bg4h5
7.g4 Bh5g6
8.g5 Nf6g8
9.c4 e6
10.O-O Bf8d6
11.Nb1c3 Ng8e7
12.e4 dxe4
13.Nc3xe4 Bd6c7
14.Bc1e3 Nb8d7
15.Ne4g3 a5
16.d5 cxd5
17.cxd5 Ne7xd5
18.Bg2xd5 exd5
19.Qd1xd5 O-O
20.Ra1c1 Rf8e8
21.Rf1d1 Bc7xg3
22.Nh4xg6 hxg6
23.Qd5xd7 Qd8b8
24.Qd7g4 Bg3h2
25.Kg2 Bh2e5
26.b3 Re8d8
27.Rd1xd8 Qb8xd8
28.Qg4e4 Qd8b8
29.Rc1c5 Be5d6
30.Rc5b5 Qb8f8
31.a4 Ra8e8
32.Qe4xb7 Re8e7
33.Qb7f3 Re7e5
34.Be3d4 Re5xb5
35.axb5 Qf8e7
36.Qf3d5 Bd6b8
37.b6 Qe7d6
38.Qd5xd6 Bb8xd6
39.b7 Bd6b8
40.Kf3 Kf8
41.Ke4 Ke7
42.Bd4e5 { resign }
1-0

[Event "Tourn. n8628"]
[Site "www.chess-mail.com"]
[Date "2016.03.17"]
[Round "1"]
[White "Nugun"]
[Black "Neo"]
[WhiteElo "1750"]
[BlackElo "1840"]
[Result "1-0"]
[Round "1"]
1.c4 e6
2.Nb1c3 d6
3.g3 g6
4.Bf1g2 Bf8g7
5.e3 c6
6.Ng1f3 d5
7.b3 Ng8f6
8.O-O O-O
9.Bc1a3 Rf8e8
10.d4 Nf6e4
11.Nc3xe4 dxe4
12.Nf3e5 Nb8d7
13.Bg2h3 Nd7xe5
14.dxe5 Bg7xe5
15.Ra1c1 Qd8a5
16.Ba3d6 Be5xd6
17.Qd1xd6 Qa5xa2
18.Qd6d4 Qa2xb3
19.Qd4xe4 Re8d8
20.f4 Rd8d3
21.f5 exf5
22.Qe4e8 Kg7
23.Qe8e5 Kg8
24.e4 fxe4
25.Qe5e8 Kg7
26.Qe8xf7 Kh6
27.Qf7f4 Kg7
28.Qf4f8 
1-0

[Event "Tourn. n8638"]
[Site "www.chess-mail.com"]
[Date "2016.03.17"]
[Round "1"]
[White "Falcoale"]
[Black "Koumaak"]
[WhiteElo "1540"]
[BlackElo "1499"]
[Result "1-0"]
[Round "1"]
1.e4 d6
2.d4 e6
3.Ng1f3 a6
4.c4 f5
5.exf5 exf5
6.Bf1d3 Qd8e7
7.Bd3e2 h6
8.O-O Ng8f6
9.Rf1e1 c6
10.Bc1f4 g5
11.Bf4d2 f4
12.Bd2c3 Bf8g7
13.Be2d3 Bc8e6
14.Nb1d2 Nb8d7
15.Bd3g6 Be6f7
16.Re1xe7 Kxe7
17.Qd1e2 Kf8
18.Bg6xf7 Kxf7
19.Nd2e4 Bg7f8
20.Ne4xf6 Nd7xf6
21.Ra1e1 Ra8e8
22.Qe2d3 Re8xe1
23.Bc3xe1 d5
24.Nf3e5 Ke6
25.Ne5g6 Rh8g8
26.Ng6xf8 Rg8xf8
27.Be1b4 Rf8b8
28.Qd3e2 Kd7
29.Qe2e7 Kc8
30.Qe7xf6 { resign }
1-0

[Event "Tourn. n8626"]
[Site "www.chess-mail.com"]
[Date "2016.03.17"]
[Round "1"]
[White "Yangqi"]
[Black "Starwind"]
[WhiteElo "2640"]
[BlackElo "2410"]
[Result "1/2-1/2"]
[Round "1"]
1.Ng1f3 d5
2.d4 Ng8f6
3.c4 c6
4.Qd1c2 g6
5.Bc1f4 Bf8g7
6.e3 O-O
7.Nb1c3 Nb8a6
8.Bf1e2 dxc4
9.Be2xc4 Na6b4
10.Qc2b3 Nb4d5
11.Bf4e5 Nd5b6
12.Bc4e2 Bc8e6
13.Qb3c2 Nb6c4
14.Be5g3 Nc4d6
15.O-O Ra8c8
16.Ra1c1 Qd8a5
17.Nf3d2 c5
18.Nd2b3 Be6xb3
19.Qc2xb3 cxd4
20.Bg3xd6 exd6
21.exd4 { draw }
1/2-1/2

[Event "Match"]
[Site "www.echecsemail.com"]
[Date "2016.03.17"]
[Round "1"]
[White "Ztornad"]
[Black "Castletyme"]
[WhiteElo "1730"]
[BlackElo "1880"]
[Result "1-0"]
[Round "1"]
1.Nb1c3 Ng8f6
2.e4 d6
3.Bf1b5 c6
4.Bb5e2 Nb8d7
5.d4 e6
6.e5 Nf6d5
7.Nc3xd5 exd5
8.Ng1f3 dxe5
9.Nf3xe5 Nd7xe5
10.dxe5 Bc8e6
11.O-O Bf8e7
12.a4 O-O
13.b3 c5
14.c4 d4
15.Bc1b2 Qd8c7
16.f4 a6
17.a5 b6
18.Qd1d2 bxa5
19.Qd2xa5 Qc7xa5
20.Ra1xa5 Be6c8
21.f5 Be7d8
22.Ra5xc5 Bd8b6
23.Be2f3 Bc8xf5
24.Bf3xa8 Bb6xc5
25.Rf1xf5 Rf8xa8
26.Kf1 Ra8c8
27.Rf5f3 a5
28.Rf3d3 Rc8a8
29.Bb2xd4 Bc5xd4
30.Rd3xd4 Ra8b8
31.Rd4d3 g6
32.g4 h6
33.h4  { time }
1-0

[Event "Match"]
[Site "www.echecsemail.com"]
[Date "2016.03.17"]
[Round "1"]
[White "Hundegana"]
[Black "Goosebumps"]
[WhiteElo "1970"]
[BlackElo "2190"]
[Result "0-1"]
[Round "1"]
1.b4 d5
2.Bc1b2 Bc8f5
3.a3 a6
4.Nb1c3 Nb8c6
5.e3 e5
6.d3 Ng8f6
7.Qd1f3 Bf5g6
8.h3 Bf8e7
9.Ra1d1 Qd8d7
10.g4 O-O-O
11.Rd1d2 Kb8
12.Bf1g2 Nf6e8
13.Nc3xd5 Be7f6
14.Nd5xf6 gxf6
15.a4 e4
16.Qf3f4 Nc6xb4
17.Bg2xe4 Qd7xa4
18.Be4xg6 fxg6
19.Ng1e2 Nb4xc2
20.Rd2xc2 Qa4xc2
21.Bb2d4 Qc2b1
22.Kd2 Qb1xh1
23.g5 fxg5
24.Qf4xg5 Rd8xd4
25.exd4 Qh1xh3
26.Qg5d8 Ka7
27.f4 Qh3e6
28.Ne2c3 Qe6f6
29.Qd8d7 Qf6xf4
30.Kc2 h5
31.d5 h4
32.Nc3e2 Qf4f5
33.Qd7e6 Qf5xe6
34.dxe6 h3
35.Ne2g3 h2
36.Ng3h1 g5
37.Kd2 g4
38.Ke2 g3
39.Kf3 b5
40.Kxg3 b4
41.Kg2 b3
42.Nh1f2 b2
43.d4 b1Q
44.d5 Qb1g1
45.Kf3 Rh8f8
46.Ke3 Qg1xf2
47.Ke4 h1Q
48.Ke5 Qh1e1
{ resign }
0-1

[Event "Match"]
[Site "www.echecsemail.com"]
[Date "2016.03.17"]
[Round "1"]
[White "Llord"]
[Black "Darknight"]
[WhiteElo "1800"]
[BlackElo "1680"]
[Result "1-0"]
[Round "1"]
1.e4 e5
2.Ng1f3 d6
3.Bf1c4 h6
4.O-O Bc8g4
5.h3 h5
6.Bc4e2 Bg4e6
7.d3 Ng8f6
8.Bc1g5 Nb8d7
9.Nb1c3 c6
10.d4 Qd8c7
11.dxe5 dxe5
12.a4 O-O-O
13.Bg5e3 Bf8e7
14.Be3g5 Rd8g8
15.Nf3h4 g6
16.Be2d3 Nd7f8
17.a5 Nf6h7
18.Bg5xe7 Qc7xe7
19.a6 b6
20.Nc3a4 Qe7xh4
21.Na4xb6 Kb8
22.Bd3c4 Nh7f6
23.Bc4xe6 Nf6d5
24.exd5 fxe6
25.dxc6 Kc7
26.Nb6d7 Kxc6
27.Nd7xe5 Kc7
28.Qd1d3 Qh4b4
29.Rf1d1 Qb4e7
30.Ra1a3 Nf8d7
31.Ne5xd7 Rg8d8
32.Ra3c3 { resign }
1-0

[Event "Match"]
[Site "www.echecsemail.com"]
[Date "2016.03.17"]
[Round "1"]
[White "Liencam2"]
[Black "Glenno"]
[WhiteElo "2320"]
[BlackElo "2400"]
[Result "0-1"]
[Round "1"]
1.e4 e5
2.Ng1f3 Nb8c6
3.Bf1c4 Ng8f6
4.Nf3g5 d5
5.exd5 Nc6a5
6.Bc4e2 h6
7.Ng5f3 e4
8.Nf3e5 Qd8xd5
9.d4 e3
10.Bc1xe3 Bf8d6
11.Nb1c3 Qd5xg2
12.Be2f3 Qg2h3
13.Qd1e2 O-O
14.O-O-O Rf8e8
15.Nc3e4 Nf6xe4
16.Bf3xe4 Bd6xe5
17.dxe5 Bc8g4
18.f3 Re8xe5
19.Be3f4 Re5xe4
20.Qe2xe4 Bg4xf3
21.Qe4e3 Qh3h5
22.Bf4xc7 Bf3xh1
23.Bc7xa5 Qh5xa5
24.Rd1xh1 Qa5xa2
{ resign }
0-1

[Event "Match"]
[Site "www.echecsemail.com"]
[Date "2016.03.17"]
[Round "1"]
[White "Manolinex"]
[Black "Ericleo1980"]
[WhiteElo "2870"]
[BlackElo "2330"]
[Result "1-0"]
[Round "1"]
1.g3 e5
2.c4 d5
3.cxd5 Qd8xd5
4.Ng1f3 e4
5.Nb1c3 Qd5c6
6.e3 a6
7.Nf3d4 Qc6g6
8.Bf1g2 f5
9.O-O Ng8f6
10.d3 c5
11.Nd4e2 exd3
12.Ne2f4 Qg6f7
13.e4 fxe4
14.Rf1e1 Bc8f5
15.Nc3xe4 Nf6xe4
16.Bg2xe4 Bf5xe4
17.Re1xe4 Bf8e7
18.Nf4e6 Ra8a7
19.Qd1xd3 b6
20.Bc1g5 Nb8c6
21.Qd3d5 Nc6b4
22.Re4xb4 cxb4
23.Qd5c6 Ra7d7
24.Ra1e1 Qf7g8
25.Ne6c7 Kd8
26.Qc6a8 Kxc7
27.Bg5f4 Rd7d6
28.Re1xe7 
1-0

[Event "Match"]
[Site "www.echecsemail.com"]
[Date "2016.03.17"]
[Round "1"]
[White "Ztornad"]
[Black "Pare123"]
[WhiteElo "1700"]
[BlackElo "1900"]
[Result "0-1"]
[Round "1"]
1.e4 g6
2.d4 Bf8g7
3.c3 d6
4.Bf1b5 c6
5.Bb5d3 Ng8f6
6.h3 O-O
7.Ng1f3 h6
8.e5 dxe5
9.Nf3xe5 Nf6h7
10.a4 c5
11.Ne5f3 cxd4
12.Nf3xd4 Bg7xd4
13.cxd4 Qd8xd4
14.Nb1c3 Rf8d8
15.O-O Qd4xd3
16.Qd1e1 Kg7
17.Qe1xe7 Nb8c6
18.Qe7e3 Qd3xe3
19.Bc1xe3 Bc8e6
20.Nc3b5 a6
21.Nb5c7 Ra8c8
22.Be3b6 Rd8d7
23.Nc7xe6 fxe6
24.Ra1c1 Rd7d2
25.b4 Rc8e8
26.b5 axb5
27.axb5 Nc6d4
28.Rc1c7 Kg8
29.Rc7c4 Nd4xb5
30.Bb6e3 Rd2d5
31.Be3xh6 g5
32.f4 gxf4
33.Rc4xf4 Nb5d6
34.h4 Nd6f5
35.h5 Nf5xh6
36.Kh2 Rd5xh5
37.Kg1 Nh6f5
38.g4 Rh5g5
39.Rf1f2 Nf5e3
40.Rf4f3 Rg5xg4
41.Kh2 Ne3f5
42.Rf3b3 Re8e7
43.Rf2e2 Nh7g5
44.Rb3a3 Re7h7
 { time }
0-1

[Event "Match"]
[Site "www.echecsemail.com"]
[Date "2016.03.17"]
[Round "1"]
[White "Elogic"]
[Black "Pare123"]
[WhiteElo "2089"]
[BlackElo "1900"]
[Result "0-1"]
[Round "1"]
1.e3 e5
2.c4 Nb8c6
3.g3 Ng8f6
4.a3 Bf8e7
5.Nb1c3 O-O
6.d3 d5
7.d4 exd4
8.exd4 dxc4
9.d5 Nc6a5
10.Bf1g2 c6
11.b4 Na5b3
12.Ra1b1 Nb3xc1
13.Rb1xc1 cxd5
14.Nc3xd5 Nf6xd5
15.Bg2xd5 Be7g5
16.Rc1xc4 Rf8e8
17.Ng1e2 Bc8g4
18.Rc4xg4 Re8e5
19.Bd5xb7 Qd8xd1
20.Kxd1 Ra8d8
21.Ne2d4 h5
22.Rg4e4 Re5xe4
23.Bb7xe4 Rd8xd4
24.Ke2 Rd4xe4
25.Kd3 Re4e6
26.f4 Bg5f6
27.a4 Re6b6
28.b5 a6
29.Rh1b1 axb5
30.axb5 h4
31.g4 g5
32.f5 h3
33.Ke4 Bf6e7
34.Kd5 Kf8
35.Rb1b3 Ke8
36.Kc4 Rb6h6
37.b6 Be7d6
38.Rb3b5 Bd6xh2
39.b7 Bh2b8
40.Kd4 h2
41.Rb5e5 Bb8xe5
{ resign }
0-1

[Event "1/16 Finale"]
[Site "www.chess-mail.com"]
[Date "2016.03.17"]
[Round "1"]
[White "Attatroll"]
[Black "Yangqi"]
[WhiteElo "1950"]
[BlackElo "2680"]
[Result "0-1"]
[Round "1"]
1.e4 c5
2.Nb1c3 a6
3.g4 Nb8c6
4.Bf1g2 e6
5.d3 b5
6.h3 Ng8e7
7.Nc3e2 d5
8.exd5 Ne7xd5
9.c3 Bc8b7
10.Ng1f3 Bf8d6
11.O-O O-O
12.a4 Qd8c7
13.Bc1d2 b4
14.Kh1 Rf8d8
15.Nf3g5 Nc6e5
16.Bd2e1 Bd6e7
17.Ng5e4 Nd5f6
18.Ne4xf6 Be7xf6
19.cxb4 Rd8xd3
20.Qd1c2 Rd3xh3
21.Kg1 Ne5f3
22.Bg2xf3 Qc7h2

0-1

[Event "1/32 Finale"]
[Site "www.chess-mail.com"]
[Date "2016.03.17"]
[Round "1"]
[White "E4player"]
[Black "Vogue"]
[WhiteElo "2670"]
[BlackElo "2350"]
[Result "1-0"]
[Round "1"]
1.e4 c6
2.Nb1c3 d5
3.d4 dxe4
4.Nc3xe4 Nb8d7
5.Bf1d3 Ng8f6
6.Ne4g5 e6
7.Ng1f3 Bf8d6
8.Qd1e2 h6
9.Ng5e4 Nf6xe4
10.Qe2xe4 Qd8c7
11.Qe4g4 Kf8
12.Bc1e3 Nd7f6
13.Qg4h4 b6
14.O-O Bc8b7
15.Ra1d1 Ra8d8
16.Be3g5 Qc7e7
17.Rf1e1 Kg8
18.Bg5f4 Bd6xf4
19.Qh4xf4 g5
20.Qf4e3 Nf6d5
21.Qe3e5 Qe7c7
22.Bd3e4 Qc7xe5
23.dxe5 Kg7
24.h4 g4
25.Nf3d4 h5
26.c4 Nd5e7
27.Nd4e2 Ne7g6
28.Be4xg6 Kxg6
29.Ne2f4 Kf5
30.Nf4xh5 c5
31.Rd1xd8 Rh8xd8
32.Nh5f6 Rd8d4
33.b3 Rd4d8
34.Re1e3 Rd8h8
35.h5 Kf4
36.Kf1 Kf5
37.a3 a5
38.Re3g3 Kxe5
39.Nf6xg4 Kf5
40.Ng4e3 Kf6
41.Rg3h3 Kg5
42.g4 Bb7e4
43.f3 Be4h7
44.Ke2 Kf4
45.Rh3h1 Rh8d8
46.Rh1d1 Rd8xd1
47.Ne3xd1 f5
48.gxf5 Bh7xf5
49.Nd1b2 Bf5c2
50.Kd2 Bc2f5
51.Nb2a4 e5
52.Na4xb6 Kg5
53.Nb6a4 Kxh5
54.Na4xc5 { resign }
1-0

[Event "Tourn. n8666"]
[Site "www.chess-mail.com"]
[Date "2016.03.18"]
[Round "1"]
[White "Tonino1"]
[Black "Luban"]
[WhiteElo "2200"]
[BlackElo "2050"]
[Result "1-0"]
[Round "1"]
1.d4 d5
2.Ng1f3 c6
3.e3 Bc8g4
4.Bf1d3 Nb8d7
5.b3 Ng8f6
6.Bc1b2 e6
7.Nb1d2 Bf8d6
8.O-O O-O
9.h3 Bg4h5
10.g4 Bh5g6
11.Bd3xg6 hxg6
12.Nf3e5 Nd7xe5
13.dxe5 Nf6xg4
14.Qd1xg4 Bd6e7
15.f4 Kh7
16.Kg2 Rf8h8
17.Rf1h1 Kg8
18.Nd2f3 Qd8b6
19.h4 Qb6xe3
20.Ra1e1 Qe3b6
21.h5 gxh5
22.Rh1xh5 { resign }
1-0

[Event "Tourn. n8588"]
[Site "www.chess-mail.com"]
[Date "2016.03.18"]
[Round "1"]
[White "Silent1"]
[Black "Comrade"]
[WhiteElo "1810"]
[BlackElo "2100"]
[Result "1-0"]
[Round "1"]
1.d4 d5
2.c4 dxc4
3.Nb1c3 e6
4.e3 Ng8f6
5.Bf1xc4 a6
6.Ng1f3 b5
7.Bc4d3 c5
8.O-O Bc8b7
9.Bd3e2 Bf8e7
10.dxc5 Qd8xd1
11.Rf1xd1 Be7xc5
12.a3 O-O
13.h3 Nb8c6
14.b4 Bc5b6
15.Bc1b2 Rf8d8
16.Rd1xd8 Ra8xd8
17.Ra1d1 Rd8xd1
18.Be2xd1 Nc6e7
19.Bd1c2 Ne7d5
20.Nc3xd5 Bb7xd5
21.Nf3d4 g6
22.Nd4xb5 Nf6e8
23.Nb5c3 Bd5c6
24.Bc2e4 Bc6xe4
25.Nc3xe4 h6
26.Ne4f6 Ne8xf6
27.Bb2xf6 g5
28.Kf1 Kh7
29.Ke2 Kg6
30.Bf6b2 f5
31.g4 Bb6c7
32.f3 e5
33.a4 Kf6
34.b5 axb5
35.axb5 Ke6
36.Bb2a3 fxg4
37.fxg4 Bc7d6
38.Ba3xd6 Kxd6
39.Kd3 Kd5
40.b6 Kc6
41.b7 Kxb7
42.Ke4 Kc7
43.Kxe5 Kd7
44.Kf6 Kd6
45.e4 { resign }
1-0

[Event "Tourn. n8655"]
[Site "www.chess-mail.com"]
[Date "2016.03.18"]
[Round "1"]
[White "Elogic"]
[Black "Biggles"]
[WhiteElo "1960"]
[BlackElo "2070"]
[Result "1/2-1/2"]
[Round "1"]
1.d4 Ng8f6
2.c4 e6
3.Ng1f3 Bf8b4
4.Bc1d2 Nb8c6
5.Bd2xb4 Nc6xb4
6.a3 Nb4c6
7.b4 b6
8.Nb1c3 Bc8b7
9.e4 d6
10.d5 exd5
11.exd5 Nc6e5
12.Nf3xe5 dxe5
13.Bf1d3 O-O
14.Qd1f3 Rf8e8
15.O-O-O c5
16.bxc5 bxc5
17.Kc2 Bb7c8
18.Nc3e4 Bc8d7
{ draw }
1/2-1/2

[Event "Tourn. n8586"]
[Site "www.chess-mail.com"]
[Date "2016.03.18"]
[Round "1"]
[White "Rons"]
[Black "Starwind"]
[WhiteElo "2600"]
[BlackElo "2249"]
[Result "1/2-1/2"]
[Round "1"]
1.e4 e6
2.d4 d5
3.Nb1c3 Bf8b4
4.e5 Ng8e7
5.a3 Bb4xc3
6.bxc3 c5
7.Qd1g4 O-O
8.Bf1d3 Nb8c6
9.Qg4h5 Ne7g6
10.Ng1f3 Qd8c7
11.Bc1e3 c4
12.Bd3xg6 fxg6
13.Qh5g4 Qc7f7
14.Nf3g5 Qf7e8
15.h4 h6
16.Ng5h3 b5
17.Qg4e2 Bc8d7
18.g4 Qe8d8
19.h5 g5
20.O-O Rf8f7
21.f4 gxf4
22.Nh3xf4 Qd8a5
23.Be3d2 Nc6e7
24.Nf4g6 Rf7xf1
25.Ra1xf1 Ne7xg6
26.g5 Ra8f8
27.hxg6 Qa5xa3
28.gxh6 Bd7e8
29.hxg7 Kxg7
30.Bd2g5 Rf8xf1
31.Qe2xf1 Qa3xc3
32.Qf1f6 Kg8
33.Qf6xe6 Kg7
{ draw }
1/2-1/2

[Event "Tourn. n8602"]
[Site "www.chess-mail.com"]
[Date "2016.03.18"]
[Round "1"]
[White "Aperturaf"]
[Black "Starwind"]
[WhiteElo "2520"]
[BlackElo "2330"]
[Result "0-1"]
[Round "1"]
1.e4 e5
2.f4 exf4
3.Ng1f3 g5
4.h4 g4
5.Nf3e5 d6
6.Ne5xg4 Ng8f6
7.Ng4xf6 Qd8xf6
8.Nb1c3 Nb8c6
9.Bf1b5 a6
10.Bb5a4 b5
11.Ba4b3 Nc6d4
12.Nc3d5 Qf6g7
13.O-O Rh8g8
14.Rf1f2 c6
15.Nd5c7 Kd8
16.Nc7xa8 Bf8e7
17.d3 Be7xh4
18.Qd1f1 Bc8h3
19.Bc1xf4 Bh4xf2
20.Kxf2 Qg7f6
21.Ke3 Rg8xg2
22.Ra1e1 c5
{ resign }
0-1

[Event "Tourn. n8685"]
[Site "www.chess-mail.com"]
[Date "2016.03.18"]
[Round "1"]
[White "Louis"]
[Black "Elogic"]
[WhiteElo "1880"]
[BlackElo "1880"]
[Result "0-1"]
[Round "1"]
1.d4 c5
2.d5 Qd8b6
3.e4 e6
4.Nb1c3 d6
5.Ng1f3 Bc8d7
6.Bf1c4 a5
7.dxe6 fxe6
8.Nf3g5 Ke7
9.O-O Nb8c6
10.Nc3b5 h6
11.Qd1xd6 Kd8
12.Qd6xf8 Bd7e8
13.Ng5f7 Kc8
{ resign }
0-1

[Event "Tourn. n8633"]
[Site "www.chess-mail.com"]
[Date "2016.03.18"]
[Round "1"]
[White "Johnmcbride"]
[Black "Gatrooper"]
[WhiteElo "1830"]
[BlackElo "1700"]
[Result "1-0"]
[Round "1"]
1.d4 d5
2.e3 a6
3.Bf1d3 Nb8c6
4.f4 Ng8f6
5.a3 Bc8g4
6.Qd1d2 e6
7.h3 Bg4h5
8.Ng1e2 Bh5xe2
9.Qd2xe2 h6
10.Nb1d2 Bf8d6
11.Nd2b3 Qd8e7
12.Bc1d2 Nf6d7
13.O-O-O f6
14.Bd3g6 Kd8
15.g4 Kc8
16.Nb3a5 Nc6xa5
17.Bd2xa5 b6
18.Ba5c3 Kb7
19.Kb1 b5
20.e4 Nd7b6
21.e5 fxe5
22.fxe5 Bd6xa3
23.bxa3 Nb6c4
24.Bc3b2 Qe7g5
25.Bg6f7 Qg5e7
26.Rd1f1 b4
27.Qe2d3 bxa3
28.Bb2a1 Kc8
29.Kc1 Qe7b4
30.Bf7xe6 Kd8
31.Be6xd5 Nc4b2
32.Qd3b3 Qb4xb3
33.cxb3 Ra8b8
34.Ba1xb2 axb2
35.Kxb2 Rb8b5
36.Bd5c4 Rb5b8
37.Bc4xa6 g5
38.Ba6c4 c6
39.Rf1f6 Kc7
40.Kc3 Kd8
41.Rf6xc6 Rh8h7
42.Rh1f1 Kd7
43.Rc6d6 Kc7
44.Rf1f7 Rh7xf7
45.Bc4xf7 Rb8f8
46.Bf7d5 Rf8f1
47.Rd6xh6 Kd7
48.Rh6d6 { resign }
1-0

[Event "Tourn. n8647"]
[Site "www.chess-mail.com"]
[Date "2016.03.18"]
[Round "1"]
[White "Caspito"]
[Black "Potemkine"]
[WhiteElo "1680"]
[BlackElo "1530"]
[Result "1-0"]
[Round "1"]
1.e4 e5
2.Ng1f3 Nb8c6
3.Bf1c4 Ng8h6
4.d4 Nc6xd4
5.Nf3xe5 Qd8e7
6.Qd1xd4 d6
7.Bc1xh6 dxe5
8.Qd4e3 gxh6
9.Nb1c3 Qe7b4
10.Bc4b3 Rh8g8
11.O-O-O Bf8c5
12.Qe3f3 Bc8e6
13.Nc3d5 Qb4a5
14.Nd5f6 Kf8
15.Bb3xe6 Rg8g6
16.Nf6d7 Kg8
17.Be6xf7 Kg7
18.Bf7xg6 hxg6
19.Qf3f6 Kh7
20.Qf6f7 Kh8
21.Nd7f6 Ra8f8
22.Qf7h7 { resign }
1-0

[Event "Tourn. n8466"]
[Site "www.chess-mail.com"]
[Date "2016.03.18"]
[Round "1"]
[White "Goosebumps"]
[Black "Paes19"]
[WhiteElo "2020"]
[BlackElo "1990"]
[Result "1-0"]
[Round "1"]
1.e4 e6
2.d4 d5
3.Bf1d3 c5
4.c3 c4
5.Bd3c2 Nb8c6
6.e5 h6
7.Nb1d2 Bf8e7
8.Qd1g4 Be7f8
9.Ng1e2 Qd8c7
10.O-O Ng8e7
11.Ne2g3 Bc8d7
12.f4 f5
13.Qg4e2 Ne7g6
14.Bc2a4 b5
15.Ba4xb5 Bf8e7
16.Qe2h5 Kf7
17.Nd2f3 Bd7e8
18.Bb5a4 Rh8f8
19.Ba4c2 Kg8
20.Qh5h3 Qc7d8
21.Ng3e2 Qd8b6
22.g4 Be7d8
23.gxf5 exf5
24.Bc2xf5 Nc6e7
25.Bf5c2 a5
26.Nf3h4 Ng6xh4
27.Qh3xh4 Ne7f5
28.Qh4g4 Be8g6
29.Kh1 Ra8a6
30.Rf1g1 Rf8f7
31.Bc2b1 h5
32.Qg4h3 Qb6b7
33.Ne2g3 Nf5xg3
34.Rg1xg3 Bg6e4
35.Bb1xe4 dxe4
36.Qh3xh5 Kf8
37.Qh5h8 Ke7
38.Kg1 Ra6h6
39.Qh8xg7 Rh6h7
40.Qg7g4 Ke8
41.Qg4e6 Bd8e7
42.f5 Kd8
43.f6 Be7f8
44.Qe6xc4 Rh7h8
45.Ra1b1 Qb7a7
46.Bc1g5 Rh8h7
47.e6 Rf7c7
48.e7 Ke8
49.exf8Q Kxf8
50.Bg5h6 Ke8
51.Rg3g8 Kd7
52.Qc4d5 
1-0